| 000 | 00710nam a2200205 i 4500 | ||
|---|---|---|---|
| 001 | 57287 | ||
| 003 | ES-MaACL | ||
| 005 | 20250918063027.0 | ||
| 007 | t| | ||
| 008 | 031015s1979 sp ||||1| spa d | ||
| 100 | 1 |
_aDoménech, Ricardo, _d1938-2010 _945084 |
|
| 245 | 1 | 3 |
_aEl teatro de Buero Vallejo _b: una meditación española / _cRicardo Doménech. |
| 250 | _a[1ª ed., 1ª reimp.]. | ||
| 260 |
_aMadrid : _bGredos, _c[1979] |
||
| 300 |
_a371 p. ; _c20 cm. |
||
| 490 | 1 |
_aBiblioteca románica hispánica. II. Estudios y ensayos ; _v198 |
|
| 830 | 0 |
_aBiblioteca románica hispánica. II. Estudios y ensayos ; _v198 _9178108 |
|
| 852 |
_aES-MaACL _jL-7972 _bR.108348 |
||
| 999 |
_c57287 _d57287 |
||